Concepts and application of microwave engineering / (Record no. 83961)

MARC details
000 -LEADER
fixed length control field 00689nam a22002057a 4500
005 - DATE AND TIME OF LATEST TRANSACTION
control field 20140704113129.0
010 ## - LCCN (DPL NO)
LC control number ENG-109849
020 ## - INTERNATIONAL STANDARD BOOK NUMBER
International Standard Book Number 9788120349353
Terms of availability 325.00
035 ## - SYSTEM CONTROL NUMBER
System control number EN-93382
037 ## - SOURCE OF ACQUISITION
Source of stock number/acquisition DBAD/PUB
082 ## - DEWEY DECIMAL CLASSIFICATION NUMBER
Classification number 621.3813
100 ## - MAIN ENTRY--PERSONAL NAME
Personal name Sanjay Kumar
245 00 - TITLE STATEMENT
Title Concepts and application of microwave engineering /
Statement of responsibility, etc by Sanjay Kumar [and] Saurabh Shukla
260 ## - PUBLICATION, DISTRIBUTION, ETC. (IMPRINT)
Place of publication, distribution, etc New Delhi
Name of publisher, distributor, etc PHI Learing
Date of publication, distribution, etc 2014
270 ## - ADDRESS
Address Rimjhim House,111, Patparganj Industrial Estate
City New Delhi
Postal code 110092
300 ## - PHYSICAL DESCRIPTION
Extent xviii,336p. :
Dimensions 24cm(pbk)
Other physical details ill.
500 ## - GENERAL NOTE
General note Includes bibliographical references and index
700 ## - ADDED ENTRY--PERSONAL NAME
Personal name Shukla, Saurabh
942 ## - ADDED ENTRY ELEMENTS (KOHA)
Source of classification or shelving scheme Dewey Decimal Classification
Item type English Books
Call number suffix SAN
Classification part 621.3813
Holdings
Withdrawn status Lost status Not for loan Collection code Home library Current library Date acquired Source of acquisition Cost, normal purchase price Full call number Barcode Copy number Cost, replacement price Koha item type
    Not For Loan Non-fiction D.B.Act.Division D.B.Act.Division 05/05/2014 DBAD / PUB 325.00 621.3813 SAN EN-93382 1 325.00 English Books

© Delhi Public Library
Hit Counter
free hit counter